000 00348pab a2200145 454500
008 180718b1991 xxu||||| |||| 00| 0 eng d
100 _aJain, Suman
245 _aNational Commission for Women
_bEconomic implications
260 _c1991
300 _a24-5,33
362 _a15 Apr.
650 _aWomen - India
773 _aYojana
909 _a20914
999 _c20914
_d20914